000 00444nam a2200157 a 4500
001 000031985
005 20200930063332.0
008 110707s1969 dr 000 0 spa d
040 _aDO-SdBNP
_bspa
_cBNPHU
082 _axxxx
_bA594c
100 1 _aÁngulo López, Liliano
_d1919-
_958146
245 1 0 _aCarta a una isla / :
_bLiliano Ángulo López.
260 _aSanto Domingo :
_b[s. n.],
_c1969.
300 _a[22 p.] ;
_c21 cm.
049 _aBNPD
999 _c31476
_d31476